000 00199nam a2200085Ia 4500
008 170617s9999 xx 000 0 und d
100 _aPrescott and Dunn
245 0 _aPharmaceutical Biotechnology
260 _bCBS
260 _c2004
999 _c15129
_d15129